000 01029nam a22003137a 4500
003 CHAP
005 20220329134329.0
008 971013s1971 r 00010 d
010 _a18873
011 _a19845
035 _a23930
040 _cCHAP
090 _aTesis
100 0 0 _aDíaz Arguelles, Angel.
_933363
245 _aEstudio etnobotánico del municipio de San Martín Chalchicuautla, S.L.P.
260 _aMonterrey, N.L. :
_bEl autor,
_c1971
300 _a108 h.
_b: ilus.
502 _aTesis (Ing. Agr.) -- Univ. Autónoma de Nuevo León. Fac. de Agronomía
590 _aALEPH
_b10
_c20130110
_lUCH01
_h1242
590 _aBATCH-UPD
_b10
_c20130110
_lUCH01
_h1928
590 _aBATCH-UPD
_b10
_c20130410
_lUCH01
_h1253
590 _aBATCH-UPD
_b10
_c20130914
_lUCH01
_h0729
590 _aCONVERSION
_b10
_c20130109
_lUCH01
_h1311
650 1 4 _aBotánica
_xSan Luis Potosí.
_914615
650 1 4 _aEtnobotánica
_xSan Luis Potosí.
_938635
901 _aBK
942 _cTESIS
949 _bBC
_cTES
_d-55422
_eTS1
_i23930
_si
999 _c18873
_d18873